[Event "31st Reggio Emilia it"]
[Site "Reggio Emilia ITA"]
[Date "1988.??.??"]
[Round "3"]
[White "Sax, Gyula"]
[Black "Andersson, Ulf"]
[Result "0-1"]
[WhiteElo "2600"]
[BlackElo "2625"]
[EventDate "1988.12.??"]
[PlyCount "101"]

1.e4 e6 2.d4 d5 3.Nc3 Nf6 4.Bg5 dxe4 5.Nxe4 Be7 6.Bxf6 gxf6 7.Nf3 f5 8.Nc3
Bf6 9.Qd2 c5 10.Bb5+ Bd7 11.Bxd7+ Nxd7 12.O-O-O Qa5 13.Kb1 O-O-O 14.Qh6 
Rhg8 15.g3 Bg7 16.Qf4 cxd4 17.Nxd4 a6 18.Rd2 Qe5 19.Qh4 Qf6 20.Qxf6 Nxf6 
21.f3 h5 22.Rd3 h4 23.Nde2 Rxd3 24.cxd3 Rh8 25.Rg1 hxg3 26.hxg3 Rh2 27.g4 
fxg4 28.fxg4 Kd7 29.Kc1 Nd5 30.Kd1 Ne3+ 31.Kd2 Ng2 32.g5 Nh4 33.Rf1 Nf5 
34.Ne4 Bd4 35.b3 Ke7 36.Rf3 Bb6 37.Ng3 Nd4 38.Rf4 Rg2 39.Re4 Nxe2 40.Nxe2 
Rxg5 41.Kd1 Bc5 42.Rc4 Bd6 43.Nc3 f5 44.a4 Rg1+ 45.Ke2 Rg2+ 46.Kf3 Rb2 47.
Ke3 Rxb3 48.Ne2 Rb4 49.Rxb4 Bxb4 50.d4 Bd6 51.Nc1 0-1

[Event "31st Reggio Emilia it"]
[Site "Reggio Emilia ITA"]
[Date "1988.??.??"]
[Round "4"]
[White "Gurevich, Mikhail"]
[Black "Ivanchuk, Vassily"]
[Result "1-0"]
[WhiteElo "2630"]
[BlackElo "2625"]
[EventDate "1988.12.??"]
[PlyCount "120"]

1.d4 Nf6 2.c4 g6 3.Nc3 Bg7 4.e4 d6 5.Nf3 O-O 6.Be2 e5 7.O-O Nc6 8.d5 Ne7 
9.Nd2 a5 10.a3 Bd7 11.b3 c5 12.Rb1 Ne8 13.b4 b6 14.bxc5 dxc5 15.Nf3 Nd6 
16.Bg5 Rb8 17.Nd2 f6 18.Bh4 h5 19.Bg3 Bh6 20.h3 Nf7 21.Bd3 Nc8 22.Ne2 Ba4 
23.Qxa4 Bxd2 24.Rb2 Bh6 25.Rfb1 Rb7 26.Qc2 Re8 27.Nc3 Ra7 28.Na4 Ra6 29.
Rb3 Nfd6 30.Be2 Kh7 31.Kh1 Re7 32.Bh2 Rf7 33.Bd3 Kg8 34.Qe2 Re7 35.Bc2 Bg5
36.Qf1 Kg7 37.Bd3 Bh6 38.R3b2 Re8 39.Nc3 Ra7 40.Bc2 Rf8 41.Na4 Ra6 42.Bd3 
Re8 43.Qe2 Bg5 44.Bg3 f5 45.f3 f4 46.Bf2 Qc7 47.Qe1 Bd8 48.Qg1 Nb7 49.g4 
h4 50.Qd1 g5 51.Bc2 Nbd6 52.Qd3 Re7 53.Nc3 Kf7 54.Ba4 Na7 55.Ne2 Qc8 56.
Nc1 Rb7 57.Qc3 Bf6 58.Nd3 Kg7 59.Kh2 Qc7 60.Rg1 Nf7 1-0

[Event "31st Reggio Emilia it"]
[Site "Reggio Emilia ITA"]
[Date "1988.??.??"]
[Round "8"]
[White "Sokolov, Ivan"]
[Black "Andersson, Ulf"]
[Result "0-1"]
[WhiteElo "2570"]
[BlackElo "2625"]
[EventDate "1988.12.??"]
[PlyCount "132"]

1.d4 Nf6 2.c4 e6 3.Nc3 Bb4 4.e3 O-O 5.Bd3 d5 6.cxd5 exd5 7.Ne2 Nc6 8.O-O 
Ne7 9.f3 Ng6 10.Bc2 c6 11.Kh1 Be6 12.a3 Bd6 13.h3 Nh5 14.e4 dxe4 15.fxe4 
Ng3+ 16.Nxg3 Bxg3 17.Be3 Bc7 18.e5 Bb6 19.Qd2 Qd7 20.Rf3 Rad8 21.Rd1 Qc8 
22.Qf2 Rd7 23.Rg3 Bd8 24.Bg5 Bxg5 25.Rxg5 Qd8 26.Qe3 Qe7 27.Ne4 b6 28.Rf1 
Rfd8 29.Nd6 Rxd6 30.exd6 Rxd6 31.Rg3 Qd7 32.Rd1 Ne7 33.Qe5 g6 34.Be4 Bf5 
35.Re3 h5 36.b4 Bxe4 37.Rxe4 Nd5 38.Qe8+ Kg7 39.Rc1 Qxe8 40.Rxe8 Nf4 41.
Rc8 Ne2 42.R8xc6 Rxd4 43.R1c2 Rd1+ 44.Kh2 Nd4 45.Rc1 Rd2 46.Rc7 a5 47.bxa5
bxa5 48.Ra7 h4 49.Kh1 Ne2 50.Rb1 Rd5 51.Kh2 Rf5 52.Rab7 Rf4 53.R7b5 Nc3 
54.R1b3 Nxb5 55.Rxb5 Ra4 56.Rb3 g5 57.Kg1 Kg6 58.Kf2 f6 59.Ke3 Rc4 60.Kd3 
Rf4 61.Ke3 Rc4 62.Kd3 Rc5 63.a4 Rf5 64.Kc4 Rf2 65.g3 hxg3 66.Rxg3 Rb2 0-1